000 00406nam a2200169Ia 4500
008 260330s2020 xx 000 0 und d
020 _a978-1-405-97759-3
041 _aeng
082 _a658.4
_bSIS
100 _aSIMON SINEK
245 _aSTARTS WITH WHY
260 _aPune
_bPENGUIN BOOKS LTD. PUNE
_c2020
300 _a249pg
_bPB
365 _cRs.
650 _aLeadership
700 _aSIMON SINEK
999 _c1218217
_d1218217